000 01536nam a2200313 a 4500
001 60656
003 BD-RjUL
005 20211209080852.0
008 170102s1994 bg a s o000 0 eng d
020 _a9845081304
_c: Complimentary
020 _a9845081304
_c: Tk. 400.00 (Inland)
035 _a(BD-RjUL)60780
040 _aDLC
_cDLC
_dDLC
_dBD-RjUL
_beng
041 0 _aengben
082 _223
_a304.6095492021
_bCHU 1994 (ZS)
110 _aBangladesh Bureau Of Statistics.
_9179266
245 1 0 _aBangladesh population census, 1991 = বাংলাদেশ আদমশুমারী, ১৯৯১ :
_bZilla series, Zila: Chuadanga = জেলা সিরিজ, জেলা: চুয়াডাঙ্গা /
_cBangladesh Bureau Of Statistics.
246 _aবাংলাদেশ আদমশুমারী, ১৯৯১ :
_bজেলা সিরিজ, জেলা: চুয়াডাঙ্গা
260 _aDhaka :
_bBangladesh Bureau of Statistics,
_c1994
300 _axviii, 263 p. :
_bIll. ;
_c28 cm.
490 _aZilla series, Zila: Chuadanga
490 _aজেলা সিরিজ, জেলা: চুয়াডাঙ্গা
500 _aPrefatory matter in Bengali and English.
651 _aBangladesh
_zChuadanga
_vCensus,1991.
_9180101
651 _aBangladesh
_zChuadanga
_xPopulation
_vStatistics
_9180688
_y1991
830 _aZilla series, Zila: Chuadanga
_9180689
830 _aজেলা সিরিজ, জেলা: চুয়াডাঙ্গা
_9190416
942 _2ddc
_cRAR
999 _c60656
_d60656